000 00284nam a22001337a 4500
008 210301b ||||| |||| 00| 0 eng d
020 _a9780471472452
041 _aeng
080 _24th
_a510
100 _a36
101 _aMAT
245 _aCalculus
_cHallett,H.D
942 _2udc
_cBK
999 _c55388
_d55388